LEADER 02355nam 2200553 a 450 001 9910778310203321 005 20200520144314.0 010 $a1-84755-026-6 035 $a(CKB)1000000000791342 035 $a(EBL)1185220 035 $a(OCoLC)232637789 035 $a(SSID)ssj0000379184 035 $a(PQKBManifestationID)11286112 035 $a(PQKBTitleCode)TC0000379184 035 $a(PQKBWorkID)10356510 035 $a(PQKB)11189285 035 $a(MiAaPQ)EBC1185220 035 $a(Au-PeEL)EBL1185220 035 $a(CaPaEBR)ebr10621191 035 $a(PPN)198472161 035 $a(EXLCZ)991000000000791342 100 $a20060105d2004 uy 0 101 0 $aeng 135 $aur|n|---||||| 181 $ctxt 182 $cc 183 $acr 200 10$aBiosynthesis in insects$b[electronic resource] /$fE. David Morgan 210 $aCambridge $cRoyal Society of Chemistry$d2004 215 $a1 online resource (225 p.) 300 $aDescription based upon print version of record. 311 $a0-85404-691-7 320 $aIncludes bibliographical references and index. 327 $a01PRELIM; 02PREFAC; 03ACKNOW; 04CONTEN; 05CHAP1; 06CHAP2; 07CHAP3; 08CHAP4; 09CHAP5; 10CHAP6; 11CHAP7; 12CHAP8; 13CHAP9; 14CHAP10; 15A-Z; 16PLATES; 17APPEND; 18SUBIND 330 $aThe chemical study of insects has been growing for four decades, and with it an interest in how insects make their pheromones, hormones, defensive secretions, venoms, pigments and surface coverings. By investigating the biosynthesis of insects, one can gain a greater insight into the structure and function of insect compounds, into ways of disrupting biosynthetic reactions in pest species and how these pathways evolved. The first textbook of its kind, Biosynthesis in Insects amalgamates previously fragmented information and recent exciting developments in the field to provide a unique, concise 606 $aInsects$xPhysiology 606 $aBiosynthesis 615 0$aInsects$xPhysiology. 615 0$aBiosynthesis. 676 $a571.157 700 $aMorgan$b E. David$g(Eric David)$074326 712 02$aRoyal Society of Chemistry (Great Britain) 801 0$bMiAaPQ 801 1$bMiAaPQ 801 2$bMiAaPQ 906 $aBOOK 912 $a9910778310203321 996 $aBiosynthesis in insects$9762801 997 $aUNINA LEADER 01186nam 2200313z- 450 001 9910694100503321 005 20060511143125.0 035 $a(CKB)5860000000019314 035 $a(BIP)013636643 035 $a(EXLCZ)995860000000019314 100 $a20220406c2005uuuu -u- - 101 0 $aeng 200 10$aCollapse of the Enron Corporation $ehearing before the Committee on Commerce, Science, and Transportation, United States Senate, One Hundred Seventh Congress, second session, February 26, 2002 215 $a1 online resource (iii, 106 p.) 311 $a0-16-075136-5 517 $aCollapse of the Enron Corporation 606 $aEnergy industries$xCorrupt practices$zUnited States 606 $aBusiness failures$zUnited States 610 $aEnron corp. 610 $aEnergy industries 610 $aBusiness failures 610 $aBusiness & economics 615 0$aEnergy industries$xCorrupt practices 615 0$aBusiness failures 712 02$aUnited States, Congress Senate Committee on Commerce, Science, and Transportation Staff,$4oth 906 $aBOOK 912 $a9910694100503321 996 $aCollapse of the Enron Corporation$93221053 997 $aUNINA